000 00275nam a22001337a 4500
008 170307b xxu||||| |||| 00| 0 eng d
020 _a0060410159
041 _aeng
080 _a611
100 _a6
101 _aSHM
245 _aHUMAN ANATOMY
_cKAN.R.B
942 _2udc
_cBK
999 _c6988
_d6988